000 00913nam a2200289 a 4500
999 _c7879
_d7879
001 7879
003 BD-JhCC
005 20180215092306.0
008 840928s1983 enka b 000 0 eng
020 _a0935028161 (Zed)
035 _a(BD-JhCC)7879
040 _aDLC
_cDLC
_dDLC
_dBD-JhCC
041 _aeng
050 0 0 _aHN690.6.A8
_bH37 1983
082 0 0 _a954.9/2
_219
_bHAR 1983
100 1 _aHartmann, Betsy.
245 1 2 _aA quiet violence :
_bview from a Bangladesh village /
_cBetsy Hartmann and James K. Boyce.
260 _aLondon :
_bZed Press ;
_aSan Francisco, CA :
_bInstitute for Food and Development Policy,
_c1983.
300 _axi, 285 p. :
_bill. ;
_c23 cm.
440 0 _aThird World studies
504 _aIncludes bibliographical references.
650 0 _aVillages
_zBangladesh.
651 0 _aBangladesh
_xRural conditions.
700 1 _aBoyce, James K.
942 _2ddc
_cBK